Statistics for NBA 2K21 Top 200 Players

Click here to take the quiz!

General Stats

  • This quiz has been taken 711 times
    (568 since last reset)
  • The average score is 115 of 200

Answer Stats

ClubPositionOverallPlayer% Correct
Los Angeles LakersSF/PG97LeBron James
99%
Golden State WarriorsPG/SG97Stephen Curry
99%
Los Angeles LakersPF/C94Anthony Davis
98%
Philadelphia 76ersC95Joel Embiid
98%
Los Angeles ClippersSF/PF96Kawhi Leonard
98%
Brooklyn NetsPF/SF96Kevin Durant
98%
Denver NuggetsC96Nikola Jokic
98%
Portland Trail BlazersPG94Damian Lillard
97%
Milwaukee BucksPF/C96Giannis Antetokounmpo
97%
Brooklyn NetsSG/PG95James Harden
97%
Brooklyn NetsPG/SG91Kyrie Irving
97%
Dallas MavericksPG/SF94Luka Doncic
97%
Miami HeatSF/SG92Jimmy Butler
96%
New Orleans PelicansPF/C90Zion Williamson
96%
Phoenix SunsSG/PG89Devin Booker
95%
Boston CelticsPF/SF89Jayson Tatum
95%
Golden State WarriorsSG/SF89Klay Thompson
95%
Phoenix SunsPG88Chris Paul
94%
Washington WizardsSG/SF90Bradley Beal
93%
Minnesota TimberwolvesC88Karl-Anthony Towns
93%
Los Angeles ClippersSG/SF89Paul George
93%
Utah JazzC88Rudy Gobert
93%
Atlanta HawksPG87Trae Young
93%
Utah JazzSG/PG88Donovan Mitchell
92%
Boston CelticsSF/SG88Jaylen Brown
92%
Chicago BullsSG/SF88Zach LaVine
92%
Miami HeatC87Bam Adebayo
91%
Brooklyn NetsSG/PG77Bruce Brown Jr.
91%
Sacramento KingsPG87De'Aaron Fox
90%
Memphis GrizzliesPG85Ja Morant
90%
New York KnicksPF/C88Julius Randle
90%
Charlotte HornetsPG/SG85LaMelo Ball
90%
Washington WizardsPG/SG88Russell Westbrook
90%
Chicago BullsC/PF82Thaddeus Young
90%
Denver NuggetsPG/SG86Jamal Murray
89%
Milwaukee BucksPG/SG86Jrue Holiday
89%
Boston CelticsC78Tristan Thompson
89%
Philadelphia 76ersPG/SF86Ben Simmons
88%
Milwaukee BucksSF/PF85Khris Middleton
88%
New Orleans PelicansPG/SG80Lonzo Ball
88%
Oklahoma City ThunderPG/SG87Shai Gilgeous-Alexander
88%
New Orleans PelicansSF/PF85Brandon Ingram
87%
Phoenix SunsC85Deandre Ayton
87%
San Antonio SpursPG82Dejounte Murray
87%
San Antonio SpursSF/PF87DeMar DeRozan
87%
Philadelphia 76ersPF/SF87Tobias Harris
86%
Brooklyn NetsSF/PF79Joe Harris
85%
Dallas MavericksC/PF86Kristaps Porzingis
85%
Portland Trail BlazersSG/PG86C.J. McCollum
84%
Atlanta HawksC86Clint Capela
84%
Indiana PacersPF/C86Domantas Sabonis
84%
Chicago BullsC87Nikola Vucevic
84%
Atlanta HawksPF/C85John Collins
80%
Houston RocketsPG82John Wall
80%
Toronto RaptorsPG83Kyle Lowry
80%
Toronto RaptorsPF/C83Pascal Siakam
80%
Memphis GrizzliesPF/C83Jaren Jackson Jr.
79%
Denver NuggetsSF/PF84Michael Porter Jr.
78%
Toronto RaptorsSG/PG84Fred VanVleet
77%
Cleveland CavaliersC84Jarrett Allen
77%
Atlanta HawksPG/SG79Lou Williams
77%
Utah JazzPG84Mike Conley
77%
Orlando MagicSF/PF79Otto Porter Jr.
77%
Boston CelticsC81Robert Williams
77%
Memphis GrizzliesSG78Grayson Allen
76%
Los Angeles ClippersSG/PG79Reggie Jackson
76%
Minnesota TimberwolvesSG/PG83D'Angelo Russell
75%
Golden State WarriorsPF/C80Draymond Green
75%
Boston CelticsPG83Kemba Walker
75%
Denver NuggetsPF/C78JaMychal Green
74%
Phoenix SunsSF/PF83Mikal Bridges
71%
Charlotte HornetsPF/SF78Miles Bridges
71%
New Orleans PelicansC80Steven Adams
71%
Memphis GrizzliesC84Jonas Valanciunas
70%
Cleveland CavaliersSG/PG83Collin Sexton
68%
Boston CelticsSG/PG80Marcus Smart
68%
Charlotte HornetsSF/PF83Gordon Hayward
67%
Indiana PacersC80Myles Turner
67%
Houston RocketsC/PF84Christian Wood
66%
Golden State WarriorsSF/SG80Andrew Wiggins
65%
Minnesota TimberwolvesSF/PF81Anthony Edwards
65%
Philadelphia 76ersC80Dwight Howard
65%
Houston RocketsSG/SF80Eric Gordon
65%
Denver NuggetsPF/SF80Aaron Gordon
64%
Cleveland CavaliersPG79Darius Garland
64%
Miami HeatSG/SF77Duncan Robinson
64%
Indiana PacersPG/SG83Malcolm Brogdon
64%
New York KnicksC82Mitchell Robinson
64%
Los Angeles LakersC83Andre Drummond
63%
New York KnicksSF/SG82R.J. Barrett
62%
Milwaukee BucksC79Brook Lopez
61%
Charlotte HornetsSG/PG82Terry Rozier III
61%
Sacramento KingsSG/SF77Buddy Hield
60%
Detroit PistonsPF/SF83Jerami Grant
60%
Portland Trail BlazersPF/SF79Carmelo Anthony
59%
Portland Trail BlazersC80Jusuf Nurkic
59%
Brooklyn NetsPG/SG83Spencer Dinwiddie
59%
Cleveland CavaliersPF/C80Kevin Love
58%
Brooklyn NetsC/PF77Blake Griffin
57%
Atlanta HawksSG/SF81Bogdan Bogdanovic
57%
New York KnicksPG/SG81Derrick Rose
57%
Phoenix SunsPF/SF78Cameron Johnson
56%
San Antonio SpursSG/PG79Derrick White
56%
San Antonio SpursPF/SF80Keldon Johnson
56%
Oklahoma City ThunderC/PF81Al Horford
54%
Dallas MavericksPG80Jalen Brunson
54%
Indiana PacersSF/PF84T.J. Warren
54%
Miami HeatPG/SG78Tyler Herro
54%
Sacramento KingsSG/PG81Tyrese Haliburton
54%
Memphis GrizzliesPF/C81Brandon Clarke
52%
Brooklyn NetsC79DeAndre Jordan
51%
Orlando MagicC82Wendell Carter Jr.
51%
Indiana PacersSG/SF82Caris LeVert
50%
Los Angeles ClippersC78DeMarcus Cousins
50%
Miami HeatPG/SG80Victor Oladipo
50%
Sacramento KingsSF/PF80Harrison Barnes
49%
Los Angeles ClippersC79Ivica Zubac
49%
Utah JazzSF/SG82Joe Ingles
47%
Los Angeles LakersSF/PF77Kyle Kuzma
47%
Free AgentC/PF81LaMarcus Aldridge
47%
Los Angeles LakersC/PF83Montrezl Harrell
47%
New Orleans PelicansSF/SG77Josh Hart
45%
Atlanta HawksSF/PF81De'Andre Hunter
44%
Detroit PistonsPG77Dennis Smith Jr.
43%
Portland Trail BlazersSF/SG82Norman Powell
43%
Denver NuggetsC78JaVale McGee
42%
Utah JazzSG/SF81Jordan Clarkson
42%
Chicago BullsPF/C79Lauri Markkanen
42%
Golden State WarriorsSG/PG77Jordan Poole
41%
Phoenix SunsPF/SF77Jae Crowder
40%
Sacramento KingsPF/C80Marvin Bagley III
40%
Los Angeles ClippersC/PF81Serge Ibaka
40%
Dallas MavericksSF/SG79Tim Hardaway Jr.
40%
Milwaukee BucksC/PF80Bobby Portis
39%
Los Angeles LakersPG/SG78Dennis Schroder
39%
Miami HeatPG78Goran Dragic
39%
Los Angeles ClippersPF/SF79Marcus Morris Sr.
39%
Detroit PistonsC81Mason Plumlee
39%
Denver NuggetsPG/SG79Monte Morris
39%
Sacramento KingsC82Richaun Holmes
39%
Golden State WarriorsC/PF77James Wiseman
38%
Toronto RaptorsSF/PF79OG Anunoby
38%
Denver NuggetsPF/C79Paul Millsap
38%
Minnesota TimberwolvesPG77Ricky Rubio
38%
Boston CelticsSG/SF81Evan Fournier
37%
Sacramento KingsC80Hassan Whiteside
37%
Orlando MagicPF/SF82Jonathan Isaac
37%
Los Angeles ClippersPG/SG78Patrick Beverley
37%
San Antonio SpursC78Jakob Poeltl
36%
Washington WizardsC/PF80Thomas Bryant
35%
Free AgentPG77Isaiah Thomas
34%
Orlando MagicPG/SG78Markelle Fultz
34%
Portland Trail BlazersPF/C77Robert Covington
34%
Atlanta HawksPF/SF80Danilo Gallinari
33%
Toronto RaptorsSG/SF78Gary Trent Jr.
33%
Oklahoma City ThunderSG/SF79Luguentz Dort
33%
Detroit PistonsSF/PF77Saddiq Bey
33%
New Orleans PelicansC77Jaxson Hayes
32%
Memphis GrizzliesPF/SF81Kyle Anderson
32%
Charlotte HornetsPF/C77P.J. Washington
32%
Charlotte HornetsPG/SG79Devonte' Graham
31%
New York KnicksPG77Elfrid Payton
30%
Portland Trail BlazersC81Enes Kanter
30%
Golden State WarriorsSF/SG78Kelly Oubre Jr.
30%
Washington WizardsPF/SF78Rui Hachimura
30%
Denver NuggetsSG/SF77Will Barton
30%
New Orleans PelicansSG/PG77Eric Bledsoe
29%
Toronto RaptorsC/PF80Chris Boucher
28%
Charlotte HornetsC/PF79Cody Zeller
28%
Minnesota TimberwolvesSG/SF80Malik Beasley
28%
Phoenix SunsPG77Cameron Payne
27%
New York KnicksSG/PG79Immauel Quickley
27%
Detroit PistonsC/PF79Isaiah Stewart
27%
Phoenix SunsC/PF79Dario Saric
26%
Utah JazzC/PF79Derrick Favors
26%
New York KnicksC80Nerlens Noel
26%
Indian PacersPG79T.J. McConnell
26%
Miami HeatPG/SG77Kendrick Nunn
25%
Charlotte HornetsSG/PG78Malik Monk
25%
Philadelphia 76ersPG/SG78George Hill
24%
Dallas MavericksSG/PG77Josh Richardson
23%
San Antonio SpursPF/SF79Rudy Gay
23%
Orlando MagicSF/SG77Terrence Ross
23%
Milwaukee BucksSG/PG77Donte DiVincenzo
22%
Washington WizardsC78Daniel Gafford
20%
Washington WizardsPF78Davis Bertans
20%
Houston RocketsC/PF79Kelly Olynyk
20%
Cleveland CavaliersPF/C77Larry Nance Jr.
20%
Philadelphia 76ersSG/SF78Shake Milton
19%
Memphis GrizzliesSG/PG77De'Anthony Melton
17%
Indiana PacersSF/SG79Jeremy Lamb
17%
Minnesota TimberwolvesC/PF78Naz Reid
17%
Golden State WarriorsPF/C77Eric Paschall
16%
Phoenix SunsPF/C79Frank Kaminsky III
16%
New York KnicksSF/SG78Alec Burks
15%
Houston RocketsSF/PF78Jae'Sean Tate
15%
Miami HeatC/PF77Precious Achiuwa
13%
Sacramento KingsPG/SG77Delon Wright
11%
Detroit PistonsSF/SG78Hamidou Diallo
10%
Houston RocketsSF/SG77David Nwaba
6%

Score Distribution

Percentile by Number Answered

Percent of People with Each Score

Your Score History

You have not taken this quiz since the last reset